Normal view
MARC view
- الأطفال الشواذ-علم نفس. الأطفال المعوقون-علم نفس
Entry Topical Term
001 - CONTROL NUMBER
- control field: 20786
003 - CONTROL NUMBER IDENTIFIER
- control field: JO-AjAnu
005 - DATE AND TIME OF LATEST TRANSACTION
- control field: 20230606073618.0
008 - FIXED-LENGTH DATA ELEMENTS
- fixed length control field: 230606|| aca||aabn | a|a d
040 ## - CATALOGING SOURCE
- Original cataloging agency: JO-AjAnu
- Transcribing agency: JO-AjAnu
150 ## - HEADING--TOPICAL TERM
- Topical term or geographic name entry element: الأطفال الشواذ-علم نفس. الأطفال المعوقون-علم نفس
670 ## - SOURCE DATA FOUND
- Source citation: Work cat.: (JO-AjAnu)10677: عبد الغفار،عبد السلام عبد القادر مؤلف/الشيخ،يوسف محمود م.مشارك , author 20785, سيكولوجية الطفل غير العادي والتربية الخاصة